Nuclear Physics : Principles and Applications /

Enregistré dans:
Détails bibliographiques
Auteur principal: Lilley, John (Auteur)
Format: Livre
Langue:anglais
Publié: West Sussex : Wiley, 2001
Tags: Ajouter un tag
Pas de tags, Soyez le premier à ajouter un tag!

MARC

LEADER 00000nam a22000003a 4500
001 0109287
003 SK-STU
005 20240510123654.2
007 ta
008 240510s ----xo-----e------000-0-----d
020 |a 978-0-471-97936-4 
040 |a STU  |b slo 
041 0 |a eng 
044 |a xxk 
100 1 |a Lilley, John  |4 aut  |r Z6 
245 1 0 |a Nuclear Physics : Principles and Applications /  |c aut. John Lilley 
260 |a West Sussex :  |b Wiley,  |c 2001 
300 |a 393 s. 
996 |b 284EK90575  |c E* 90575  |l EE36  |s P  |a 0  |w 0109287_0001